| 000 | 00708nam a2200229u 4500 | ||
|---|---|---|---|
| 001 | 14731 | ||
| 003 | BD-RjUL | ||
| 005 | 20211208235700.0 | ||
| 008 | 140208s1945 cau 000 0 eng | ||
| 035 | _a(BD-RjUL)14785 | ||
| 040 |
_aDLC _cCarP _dDLC _dBD-RjUL _beng |
||
| 041 | _aeng | ||
| 082 |
_a649.1 _bWOA |
||
| 100 | 1 |
_aComstock, Belle Jessie (Wood) _d1880- [from old catalog] _945895 |
|
| 245 | 1 | 0 | _aAll about the baby / |
| 260 |
_aMountain View, Calif. ; _aPortland, Or. [etc.] : _bPacific press publishing association, _c1945. |
||
| 300 |
_a394 p. ; _c20cm. |
||
| 650 | 0 |
_aInfants _xCare and hygiene. [from old catalog] _945896 |
|
| 942 |
_2ddc _cBK |
||
| 999 |
_c14731 _d14731 |
||